MARC details
| 000 -CABECERA |
| campo de control de longitud fija |
00991nam a2200229 a 4500 |
| 001 - NÚMERO DE CONTROL |
| campo de control |
000041935 |
| 005 - FECHA Y HORA DE LA ÚLTIMA TRANSACCIÓN |
| campo de control |
20201002035836.0 |
| 008 - DATOS DE LONGITUD FIJA--INFORMACIÓN GENERAL |
| campo de control de longitud fija |
090819s1993 sp a 000 0 spa d |
| 020 ## - NÚMERO INTERNACIONAL ESTÁNDAR DEL LIBRO |
| Número Internacional Estándar del Libro |
8400073630 |
| 040 ## - FUENTE DE LA CATALOGACIÓN |
| Centro catalogador/agencia de origen |
DO-SdBNP |
| Lengua de catalogación |
spa |
| Centro/agencia transcriptor |
BNPHU |
| 082 ## - NÚMERO DE LA CLASIFICACIÓN DECIMAL DEWEY |
| Número de clasificación |
xxx |
| Número de documento/Ítem |
xxx |
| 100 1# - ENTRADA PRINCIPAL--NOMBRE DE PERSONA |
| Nombre de persona |
Martí, Joan |
| 9 (RLIN) |
68846 |
| 245 10 - MENCIÓN DE TÍTULO |
| Título |
La volcanología actual / |
| Mención de responsabilidad, etc. |
Joan Martí, Vicente Araña. |
| 260 ## - PUBLICACIÓN, DISTRIBUCIÓN, ETC. |
| Lugar de publicación, distribución, etc. |
Madrid : |
| Nombre del editor, distribuidor, etc. |
CSIC, |
| Fecha de publicación, distribución, etc. |
1993. |
| 300 ## - DESCRIPCIÓN FÍSICA |
| Extensión |
578 p. : |
| Otras características físicas |
il., ; |
| Dimensiones |
25 cm. |
| 490 1# - MENCIÓN DE SERIE |
| Mención de serie |
Nuevas tendencias |
| Designación de volumen o secuencia |
21 |
| 504 ## - NOTA DE BIBLIOGRAFÍA, ETC. |
| Nota de bibliografía, etc. |
Bibliografía : p. 575-578 |
| 505 t# - NOTA DE CONTENIDO CON FORMATO |
| Nota de contenido con formato |
Génesis y evolución de magmas -- |
| Título |
Mecanismos eruptivos -- |
| -- |
Hidrovolcanismo -- |
| -- |
Ignimbritas y calderas: perspectivas históricas, ideas actuales y desarrollos futuros -- |
| -- |
Riesgo volcánico -- |
| -- |
Gases volcánicos -- |
| -- |
Vigilancia de volcanes activos: métodos geofísicos y geodésicos -- |
| -- |
Paleovolcanismo |
| 700 1# - PUNTO DE ACCESO ADICIONAL--NOMBRE DE PERSONA |
| Nombre de persona |
Araña, Vicente |
| 9 (RLIN) |
68847 |
| 710 2# - PUNTO DE ACCESO ADICIONAL--NOMBRE DE ENTIDAD CORPORATIVA |
| Nombre de entidad corporativa o nombre de jurisdicción como elemento de entrada |
Consejo Superior de Investigaciones Científicas |
| 9 (RLIN) |
4786 |
| 830 #0 - PUNTO DE ACCESO ADICIONAL DE SERIE-TÍTULO UNIFORME |
| Título uniforme |
Nuevas tendencias |
| Número de parte o sección de la obra |
21 |
| 9 (RLIN) |
68848 |